000 01213nam a2200349 a 4500
001 25026119
003 OSt
005 20210420061142.0
008 980429n1992 xx u001 0 eng u
010 _a 91046538
015 _aGB92-50753
020 _a052139340X (hardback)
020 _a0521395690 (pbk.)
025 _a000000080708
040 _aDNLM/DLC
_cDLC
_dNLM
_dTMV
_dUKM
049 _aYYEA
080 _a616-036.2
_bR-79
096 _aWZ 40 R813e 1992
100 1 _aRosenberg, Charles E.
245 1 0 _aExplaining epidemics and other studies in the history of medicine /
_cCharles E. Rosenberg.
260 _aCambridge ;
_aNew York :
_bCambridge University Press,
_cc1992.
300 _ax, 357 p. ;
_c24 cm.
500 _aConsists of Prof. Rosenberg's essays reprinted from various sources.
504 _aIncludes bibliographical references and index.
590 _ac. 1 930560 Ritt 7/22/93 $45.
650 2 _aDelivery of Health Care
_xhistory
_vCollected Works.
650 2 _aDisease Outbreaks
_xhistory
_vCollected Works.
650 2 _aSocioeconomic Factors
_vCollected Works.
653 _aეპიდემიოლოგია
700 _9365
_aRosnberg,E.Charles
942 _2udc
_cBK
999 _c453
_d453